<?xml version="1.0" encoding="UTF-8"?>
<marc:record xmlns:marc="http://www.loc.gov/MARC21/slim">
   <marc:leader>00000nam a2200000 a 4500</marc:leader>
   <marc:datafield ind1=" " ind2=" " tag="653">
      <marc:subfield code="a">Lieder</marc:subfield>
   </marc:datafield>
   <marc:datafield ind1=" " ind2=" " tag="653">
      <marc:subfield code="a">Musik</marc:subfield>
   </marc:datafield>
   <marc:datafield ind1=" " ind2=" " tag="653">
      <marc:subfield code="a">Umwelt</marc:subfield>
   </marc:datafield>
   <marc:datafield ind1=" " ind2=" " tag="653">
      <marc:subfield code="a">Natur</marc:subfield>
   </marc:datafield>
   <marc:datafield ind1=" " ind2=" " tag="653">
      <marc:subfield code="a">Rechnen</marc:subfield>
   </marc:datafield>
   <marc:datafield ind1=" " ind2=" " tag="653">
      <marc:subfield code="a">Tonies</marc:subfield>
   </marc:datafield>
   <marc:datafield ind1="0" ind2="0" tag="245">
      <marc:subfield code="a">Lichterkinder [Tonies]</marc:subfield>
   </marc:datafield>
   <marc:datafield ind1="0" ind2="0" tag="245">
      <marc:subfield code="b">Große, bunte Welt! : Rechnen von 0 bis 10 : Wir bleiben gesund! : Unsere Umwelt und Natur</marc:subfield>
   </marc:datafield>
   <marc:datafield ind1=" " ind2="1" tag="264">
      <marc:subfield code="b">Tao House</marc:subfield>
      <marc:subfield code="c">2024</marc:subfield>
   </marc:datafield>
   <marc:datafield ind1="1" ind2=" " tag="490">
      <marc:subfield code="a">Wissen&amp;Lernen</marc:subfield>
   </marc:datafield>
   <marc:datafield ind1="1" ind2=" " tag="520">
      <marc:subfield code="a">Musik ab 3 Jahren
Lichterkinder-Lieder - Beim beliebten "Körperteil Blues" bleibt kein Körperteil still! Gesungen werden Lieder auf Augenhöhe von Kindern für Kinder und jeder kann mitsingen und mitmachen, denn: Jedes Kind ist ein Lichterkind!
Exklusiver Tonie - Dieses Album ist exklusiv als Tonie erhältlich und eine spezielle Zusammenstellung der größten Hits der Lichterkinder. Obendrauf gibt's nur in dieser Sammlung das Lied äLiki &amp; die Toniesô!</marc:subfield>
   </marc:datafield>
</marc:record>
